Statistics for Famous Empires in History

Click here to take the quiz!

General Stats

  • This quiz has been taken 93,264 times
    (74,586 since last reset)
  • The average score is 15 of 20

Answer Stats

DescriptionEmpire% Correct
Italian empire that, at one point, controlled the entire MediterraneanRoman
97%
Short-lived empire of HitlerNazi
95%
Turkish empire that conquered the aboveOttoman
93%
Huge land empire started by Genghis KhanMongol
91%
Empire ruled by the tsarsRussian
90%
Empire ruled by the pharaohsEgyptian
89%
The sun never set on this naval empireBritish
88%
Mexican empire conquered by CortésAztec
83%
Empire that took over the territory of the previous twoSpanish
83%
Andean empire conquered by PizarroInca
78%
Empire, founded by Cyrus the Great, that controlled all of modern-day
Iran, Iraq, and Turkey
Achaemenid (Persian)
77%
Empire, based in Vienna, that succeeded the aboveAustrian
75%
Empire, based in Constantinople, which continued the aboveByzantine
75%
Empire that controlled Brazil, Macau, etc ...Portuguese
74%
Short-lived empire of Alexander that conquered the aboveMacedonian
64%
Loosely-knit Germanic empire ruled at times by the HabsburgsHoly Roman
59%
Empire, based in Timbuktu, known for its wealth in goldMali
48%
Mesopotamian empire that carried away the JewsNeo-Babylonian
46%
Empire led by Akbar with its capital in Agra, IndiaMughal
39%
Empire that dominated the Middle East until being succeeded by the aboveNeo-Assyrian
33%

Score Distribution

Percentile by Number Answered

Percent of People with Each Score

Your Score History

You have not taken this quiz since the last reset